<?xml version="1.0" encoding="UTF-8"?>
<record
    xmlns:xsi="http://www.w3.org/2001/XMLSchema-instance"
    xsi:schemaLocation="http://www.loc.gov/MARC21/slim http://www.loc.gov/standards/marcxml/schema/MARC21slim.xsd"
    xmlns="http://www.loc.gov/MARC21/slim">

  <leader>00609nam a22002057a 4500</leader>
  <controlfield tag="001">84880</controlfield>
  <controlfield tag="003">BD-RjUL</controlfield>
  <controlfield tag="005">20250504111835.0</controlfield>
  <controlfield tag="008">250504s1971    ii ||||| |||| 00| 0 urd d</controlfield>
  <datafield tag="035" ind1=" " ind2=" ">
    <subfield code="a">(BD-RjUL)84880</subfield>
  </datafield>
  <datafield tag="040" ind1=" " ind2=" ">
    <subfield code="a">BD-RjUL</subfield>
    <subfield code="b">eng</subfield>
    <subfield code="c">BD-RjUL</subfield>
  </datafield>
  <datafield tag="041" ind1=" " ind2=" ">
    <subfield code="a">urd</subfield>
  </datafield>
  <datafield tag="082" ind1=" " ind2=" ">
    <subfield code="2">21 </subfield>
    <subfield code="a">891.439109</subfield>
    <subfield code="b">SAM 1971</subfield>
  </datafield>
  <datafield tag="100" ind1=" " ind2=" ">
    <subfield code="a">&#x635;&#x641;&#x62F;&#x631;&#x627;&#x647;  ;; Safdarah</subfield>
    <subfield code="9">15375</subfield>
  </datafield>
  <datafield tag="245" ind1=" " ind2=" ">
    <subfield code="a">  &#x645;&#x64A;&#x631;&#x627;&#x648;&#x631; &#x645;&#x64A;&#x631;&#x64A;&#x627;&#x62A; ;; Mirror Meryat /</subfield>
    <subfield code="c">&#x635;&#x641;&#x62F;&#x631;&#x627;&#x647;  ;; Safdarah</subfield>
  </datafield>
  <datafield tag="260" ind1=" " ind2=" ">
    <subfield code="a">&#x628;&#x645;&#x628;&#x628;&#x626; :</subfield>
    <subfield code="b">&#x639;&#x644;&#x648;&#x64A; &#x628;&#x643; ,</subfield>
    <subfield code="c">1971</subfield>
  </datafield>
  <datafield tag="300" ind1=" " ind2=" ">
    <subfield code="a">369 p. ;</subfield>
    <subfield code="c">22 cm</subfield>
  </datafield>
  <datafield tag="650" ind1=" " ind2=" ">
    <subfield code="a">Urdu poetry </subfield>
    <subfield code="v">history &amp; criticism</subfield>
    <subfield code="9">5120</subfield>
  </datafield>
  <datafield tag="942" ind1=" " ind2=" ">
    <subfield code="2">ddc</subfield>
    <subfield code="c">BK</subfield>
  </datafield>
  <datafield tag="999" ind1=" " ind2=" ">
    <subfield code="c">84880</subfield>
    <subfield code="d">84880</subfield>
  </datafield>
  <datafield tag="952" ind1=" " ind2=" ">
    <subfield code="0">0</subfield>
    <subfield code="1">0</subfield>
    <subfield code="2">ddc</subfield>
    <subfield code="4">0</subfield>
    <subfield code="7">1</subfield>
    <subfield code="8">NFIC</subfield>
    <subfield code="a">RUCL</subfield>
    <subfield code="b">RUCL</subfield>
    <subfield code="c">Reading</subfield>
    <subfield code="d">1980-03-25</subfield>
    <subfield code="e">India International</subfield>
    <subfield code="g">22.50</subfield>
    <subfield code="l">0</subfield>
    <subfield code="o">U 891.439109 SAM 1971</subfield>
    <subfield code="r">2025-05-04 00:00:00</subfield>
    <subfield code="t">C-1</subfield>
    <subfield code="w">2025-05-04</subfield>
    <subfield code="y">BK</subfield>
  </datafield>
</record>
